000
00332nam a22001457a 4500
008
221124b ||||| |||| 00| 0 eng d
020
_a
9780736076012
041
_a
eng
080
_2
FOURTH EDITION
_a
615.83
082
_a
615.83FLE
100
_a
16.2
101
_a
EGZ
245
_a
SPORT FIRST AID
_c
FLEGEL J M
942
_2
udc
_c
BK
999
_c
59027
_d
59027